| 000 | 00386nam a2200145Ia 4500 | ||
|---|---|---|---|
| 008 | 130318s9999 xx 000 0 und d | ||
| 082 | _a351 MAN/E | ||
| 100 | _aManzar, Osama | ||
| 245 | _aE-content for development in India | ||
| 260 |
_bDigital Empowerment Foundation _aNew Delhi _c2007 |
||
| 300 | _a109 | ||
| 650 | _aE-CONTENT | ||
| 650 | _aE-GOVERNANCE | ||
| 650 | _aINDIA DEVELOPMENT | ||
| 999 |
_c1467 _d1467 |
||